Приборы точной механики: межвузовский (межведомственный) сборник научных трудов; Т. 1

Podrobná bibliografie
Korporativní autor: Всесоюзный заочный машиностроительный институт (ВЗМИ)
Další autoři: Боднер В. А. (редактор)
Jazyk:ruština
Vydáno: Москва, Изд-во ВЗМИ, 1976
Témata:
Médium: MixedMaterials Kniha
KOHA link:https://koha.lib.tpu.ru/cgi-bin/koha/opac-detail.pl?biblionumber=324437

MARC

LEADER 00000nam0a2200000 4500
001 324437
005 20231102003652.0
035 |a (RuTPU)RU\TPU\book\350035 
035 |a RU\TPU\book\281003 
090 |a 324437 
100 |a 20161116d1976 k a0rusy5003 ca 
101 0 |a rus 
102 |a RU 
105 |a a z 001zy 
200 1 |a Приборы точной механики  |e межвузовский (межведомственный) сборник научных трудов  |h Т. 1  |f Всесоюзный заочный машиностроительный институт (ВЗМИ) ; под ред. В. А. Боднера 
210 |a Москва  |c Изд-во ВЗМИ  |d 1976 
215 |a 140 с.  |c ил. 
320 |a Библиогр. в конце ст. 
606 1 |a Приборы точной механики  |2 stltpush  |3 (RuTPU)RU\TPU\subj\51643  |9 70216 
610 1 |a точные приборы 
610 1 |a механика 
610 1 |a разработка 
610 1 |a расчет 
610 1 |a автоматизация 
610 1 |a контроль 
610 1 |a приборные системы 
610 1 |a точность 
610 1 |a оптимизация 
675 |a 681.1  |z rus  |v 3 
702 1 |a Боднер  |b В. А.  |4 340 
712 0 2 |a Всесоюзный заочный машиностроительный институт (ВЗМИ)  |c (1950-1988)  |2 stltpush  |3 (RuTPU)RU\TPU\col\2141 
801 0 |a RU  |b 63413507  |c 19950417  |g psbo 
801 1 |a RU  |b 63413507  |c 20140423 
801 2 |a RU  |b 63413507  |c 20161117  |g RCR 
942 |c BK